| 000 | 00350nam a2200133 a 4500 | ||
|---|---|---|---|
| 005 | 20140513081058.0 | ||
| 008 | 100907s19uu xx 00 eng d | ||
| 050 |
_aVCD _bUp69 2008 |
||
| 245 |
_aUps and downs: _bfloating and sinking. |
||
| 260 |
_bScholastic, _c2008. |
||
| 440 | _aMagic School Bus : | ||
| 650 | _agravity ; bouyancy | ||
| 999 |
_c116633 _d116633 |
||